| 000 | 00630nam a2200217Ia 4500 | ||
|---|---|---|---|
| 005 | 20250508164623.0 | ||
| 008 | 008 250505s9999 xx 000 0 eng d | ||
| 020 | _a978-81-7829-825-2 | ||
| 037 | _aTextual | ||
| 040 |
_aFEDL _beng _cFEDL |
||
| 041 |
_aeng _2eng |
||
| 084 |
_a158, KAK _qFEDL |
||
| 100 | _aKakar Sudhir | ||
| 245 | 0 | _aMad and divine: Spirit and psyche in the modern world | |
| 260 |
_aNew Delhi, India _bPenguin Books India Pvt. Ltd. _c2008 |
||
| 300 | _a178p. | ||
| 365 |
_aINR _b325 |
||
| 650 |
_aPsychology - Spirituality _9778640 |
||
| 942 |
_cTEXL _h158, KAK |
||
| 999 |
_c1390171 _d1390171 |
||